Mini quiz : Les fantômes de Luigi's Mansion 3 - Statistiques

Statistiques générales
  • Ce quiz a été pris 18 fois
  • Le résultat moyen est 5 sur 7
Statistiques - réponses
Par images Réponse % Correct
Chenapon
85%
Enlaceur
77%
Fierabras
77%
Cache-lanceur
62%
Languisseur
62%
Tifierabras
62%
Tichenapon
54%
Aucun quiz correspondant
Distribution des résultats
% des personnes avec chaque résultat
Percentile par nombre de réponses
Votre historique - résultats
Vous n’avez pas pris ce quiz